|
|
|
|
| LEADER |
00000naa a2200000uu 4500 |
| 001 |
vtls011096051 |
| 003 |
SK-MaSNL |
| 005 |
20260302134706.0 |
| 008 |
210908|2014 xo |||||||||||||||||eng| |
| 015 |
|
|
|a SNBRA
|
| 035 |
|
|
|a (urnnbn)urn:nbn:sk:snk:ar-a0cueh
|
| 035 |
|
|
|a (uuid)44b72158-054e-4c65-9917-daeee53426f1
|
| 035 |
|
|
|a urn:nbn:sk:snk-aaw00a
|
| 040 |
|
|
|a SNKBUCL
|b slo
|c SNKBUCL
|e AACR2
|
| 041 |
0 |
|
|a eng
|
| 044 |
|
|
|a xo
|c SK
|
| 100 |
1 |
|
|a Polášek, Ivan
|4 aut
|9 484844
|
| 245 |
1 |
0 |
|a EXTRACTING, IDENTIFYING AND VISUALIZATION OF THE TOPICS IN SOFTWARE PROJECTS
|c Ivan POLÁŠEK, Ivan RUTTKAY-NEDECKÝ, Peter RUTTKAY-NEDECKÝ, Tomáš TÓTH
|
| 700 |
1 |
|
|a Ruttkay-Nedecký, Ivan,
|d 1926-2019
|4 aut
|9 39860
|
| 700 |
1 |
|
|a Peter, Ruttkay-Nedecký
|4 aut
|9 777767
|
| 700 |
1 |
|
|a Tóth, Tomáš
|4 aut
|9 822529
|
| 773 |
0 |
|
|t PerConIK - Personalized Conveying of Information and Knowledge : research project workshop Smolenice, Slovakia : November 19, 2014
|d Bratislava : Slovak University of Technology, 2014
|g S. 103-108
|z 9788022742696
|
| 958 |
|
|
|a OND
|
| 958 |
|
|
|a article12
|
| 958 |
|
|
|a chapter
|
| 999 |
|
|
|c 1323329
|d 1325259
|